000 01021 a2200445 4500
000 BKB
001 133666
005 20200902152103.0
008
010 _a
020 _a
082 _a891.433
_bK52A
100 1 _aखेतान, प्रभा
110 _a
245 1 _aअन्या से अनन्या
_cby प्रभा खेतान
250 _a
260 _aनई दिल्ली
_bराजकमल प्रकाशन
_c2010
300 _a287p.
490 _a
_v
500 _a
600 _a
610 _a
611 _a
630 _a
650 _a
651 _a
654 _a
690 _aहिन्दी साहित्य; खेतान, प्रभा - आत्मकथा
700 _a
_b
_c
710 _a
_b
_c
711 _a
720 _a
730 _a
740 _a
752 _a
856 _a
_d
_f
904 _a
964 _a
_b
_c
_d
_e
_f
_g
965 _a
999 _c7559
_d7559